000 00482nam a2200169Ia 4500
999 _c12136
_d12136
003 OSt
005 20201020104444.0
008 190216s9999||||xx |||||||||||||| ||und||
040 _coclc
082 _a891.733
_bSTE/T
100 _aSteiner, George
_95557
245 0 _aTolstoy Or Dostoevsky /
_cGeorge Steiner
260 _bPenguin Books ,
_c1967.
_aEngland:
300 _a332p
650 _aEnglish Essay
942 _cBK
_2ddc
_h891.733
_iSTE/T
_k891.733
_mSTET